000 00415nam a2200181Ia 4500
005 20240823033904.0
008 240823s9999||||xx |||||||||||||| ||und||
041 _aENGLISH
082 _A532.05 N2
100 _aRamsey A S
245 0 _aDynamics Part II
250 _a2nd
260 _c1962
_bLow Priced Tex
500 _aTRANSFERED
650 _aDymanics Part
_bMathematics
942 _cBK
999 _c196901
_d196901